=LDR 00000nam 2200000 4500 =001 INLIS000000000011632 =005 20130612103159 =008 ***********************************Ind** =035 ##$$0010-061300000011632 =041 ##$$a Ind =082 ##$$a 729.24 =090 ##$$a 729.24, Wil t =100 ##$$a Wikening, Fritz =245 ##$$a Tata, ruang, Fritz Wilkening =260 ##$$a 1994 $b Yogyakarta =300 ##$$a 204 hlm., ilus, 30 cm =650 ##$$a Tata Ruang =850 ##$$a NBPNMAT